Commented Trivia Quiz #1 - Statistics

General Stats
  • This quiz has been taken 8 times
    4 since last reset
  • The average score is 3 of 14
Answer Stats
Hint Answer Commenter % Correct
The first 3 digits of pi(Also KiloNova's computer password) 3.14 KiloNova
100%
Name for a group of crows Murder SonyVondern
67%
World's most successful rugby team All Blacks McKenzieFam
33%
Former national and economic capital of Burundi Bujumbura SonyVondern
33%
Country with most tourists France barmanitan
33%
Country with second largest stadium(any sport) North Korea Neodymium
33%
The business that owned the Titanic White Star Line hi111223
33%
Tallest mountain outside of Asia Aconcagua cathlete
0%
First place that appeares in the Comment Cities Quiz Balagushevo Xtrordinary
0%
The longest place name in germany Hellschen-Heringsand-Unterschaar Trompete79
0%
Old Name of Denali Mount McKinley Neodymium
0%
Largest single interstellar object in the known universe Phoenix A* KiloNova
0%
Most spoken official language of South Africa Zulu LuckyCat
0%
Last subdivision in the world alphabetically Žužemberk Fianchetto
0%
No matching quizzes found
Score Distribution
Percent of People with Each Score
Percentile by Number Answered
Your Score History
You have not taken this quiz since the last reset